A Pedagógus Szakma Megújítása Projekt Szervezeti és Működési Szabályzata Budapest, 1992

Elmentve itt :
Bibliográfiai részletek
Dokumentumtípus: Cikk
Megjelent: 1993
Sorozat:Iskolakultúra 3 No. 3-4
Kulcsszavak:Szervezeti és működési szabályzat - oktatásügy, Pedagógia - Magyarország - 20. sz., Oktatásügy - Magyarország - 20. sz.
Online Access:http://misc.bibl.u-szeged.hu/43586
LEADER 00721nab a2200169 i 4500
001 misc43586
005 20191106141209.0
008 180831s1993 hu o 0|| zxx d
022 |a 1215-5233 
040 |a SZTE Miscellanea Repozitórium  |b hun 
041 |a zxx 
245 0 2 |a A Pedagógus Szakma Megújítása Projekt Szervezeti és Működési Szabályzata   |h [elektronikus dokumentum] :  |b Budapest, 1992 
260 |c 1993 
300 |a 160-171 
490 0 |a Iskolakultúra  |v 3 No. 3-4 
695 |a Szervezeti és működési szabályzat - oktatásügy, Pedagógia - Magyarország - 20. sz., Oktatásügy - Magyarország - 20. sz. 
856 4 0 |u http://misc.bibl.u-szeged.hu/43586/1/iskolakultura_1993_003_004_160-171.pdf  |z Dokumentum-elérés